[Event "Torino Sada op"]
[Site "Torino"]
[Date "2008.10.13"]
[Round "5"]
[White "Maccagno, Giancarlo"]
[Black "Settis, Massimo"]
[Result "1-0"]
[WhiteElo "2100"]
[BlackElo "2063"]
[PlyCount "61"]
[EventDate "2008.09.15"]
[EventType "swiss"]
[EventRounds "7"]
[EventCountry "ITA"]
[SourceTitle "EXT 2018"]
[Source "ChessBase"]
[SourceDate "2017.10.13"]
[SourceVersion "1"]
[SourceVersionDate "2017.10.13"]
[SourceQuality "1"]

1. e4 e6 2. d4 d5 3. e5 c5 4. c3 Nc6 5. Nf3 Bd7 6. a3 f6 7. Bd3 fxe5 8. dxe5 Qc7 9. Qe2 Nh6 10. 0-0 Nf7 11. Bf4 Be7 12. Nbd2 0-0-0 13. b4 g5 14. Bg3 d4 15. Ne4 h5 16. Nd6+ Nxd6 17. exd6 Bxd6 18. Nxg5 Bxg3 19. hxg3 Rde8 20. f4 e5 21. Bg6 exf4 22. Bxe8 Rxe8 23. Qxh5 fxg3 24. Rae1 Rxe1 25. Rxe1 Qf4 26. Ne4 Bg4 27. Qxc5 d3 28. Qe3 Qxe3+ 29. Rxe3 Be2 30. Rxg3 Ne5 31. Nd2 1-0

[Event "Torino-ch Assoluto 52nd"]
[Site "Torino"]
[Date "2007.09.??"]
[Round "?"]
[White "Maccagno, Giancarlo"]
[Black "Gallucci, Alessio"]
[Result "0-1"]
[WhiteElo "2109"]
[BlackElo "2006"]
[PlyCount "66"]
[EventDate "2007.09.19"]
[EventType "swiss"]
[EventRounds "7"]
[EventCountry "ITA"]
[SourceTitle "EXT 2015"]
[Source "ChessBase"]
[SourceDate "2014.11.20"]
[SourceVersion "1"]
[SourceVersionDate "2014.11.20"]
[SourceQuality "1"]

1. e4 c5 2. c3 d5 3. exd5 Qxd5 4. Nf3 e5 5. d4 cxd4 6. cxd4 Nc6 7. Nc3 Bb4 8. Bd2 Bxc3 9. Bxc3 e4 10. Ne5 Nxe5 11. dxe5 Ne7 12. Qa4+ Bd7 13. Qa3 Bg4 14. h3 Bh5 15. Qa4+ Nc6 16. Bc4 Qc5 17. 0-0 0-0 18. e6 Kh8 19. exf7 Qg5 20. Qb5 Qg6 21. Kh1 Qh6 22. Be2 Bf3 23. Bxf3 exf3 24. Qf5 fxg2+ 25. Kxg2 Ne7 26. Qe4 Rxf7 27. Rad1 Ng6 28. Rg1 Raf8 29. Rd2 Nh4+ 30. Kf1 Nf3 31. Rd6 Qc1+ 32. Be1 Nxe1 33. Qxe1 Rxf2# 0-1

[Event "Bratto op-A 27th"]
[Site "Bratto"]
[Date "2007.08.24"]
[Round "2"]
[White "Maccagno, Giancarlo"]
[Black "Gallucci, Alessio"]
[Result "0-1"]
[WhiteElo "2109"]
[BlackElo "2006"]
[PlyCount "94"]
[EventDate "2007.08.23"]
[EventType "swiss"]
[EventRounds "9"]
[EventCountry "ITA"]
[SourceTitle "CBM 120 Extra"]
[Source "ChessBase"]
[SourceDate "2007.11.01"]
[SourceVersion "1"]
[SourceVersionDate "2007.11.01"]
[SourceQuality "1"]

1. e4 c5 2. c3 d5 3. exd5 Qxd5 4. d4 Nc6 5. Nf3 Bg4 6. Be2 cxd4 7. cxd4 e6 8. Nc3 Qd6 9. Be3 Nf6 10. 0-0 Be7 11. h3 Bh5 12. Nb5 Qd7 13. Ne5 Bxe2 14. Nxd7 Bxd1 15. Nxf6+ Bxf6 16. Rfxd1 0-0 17. d5 exd5 18. Nc7 Rad8 19. Nxd5 Bxb2 20. Rab1 Bd4 21. Bxd4 Rxd5 22. Be3 Rxd1+ 23. Rxd1 f6 24. Kf1 Rf7 25. Ke2 Kf8 26. Bc5+ Ke8 27. Ke3 Rd7 28. Re1 Kf7 29. f4 b6 30. Ba3 Nd4 31. Rc1 Nf5+ 32. Ke2 Nd4+ 33. Ke3 Nb5 34. Bb2 Nc7 35. g4 Nd5+ 36. Kf3 Nb4 37. a3 Nd3 38. Rd1 Ne5+ 39. Ke2 Rxd1 40. Kxd1 Nd3 41. Bc1 Nxc1 42. Kxc1 Ke6 43. Kc2 g6 44. Kd3 Kd5 45. h4 f5 46. gxf5 gxf5 47. h5 h6 0-1

[Event "Bratto op 26th"]
[Site "Bratto"]
[Date "2006.08.27"]
[Round "9"]
[White "Maccagno, Giancarlo"]
[Black "Castaldo, Folco"]
[Result "0-1"]
[WhiteElo "2093"]
[BlackElo "2336"]
[PlyCount "50"]
[EventDate "2006.08.19"]
[EventType "swiss"]
[EventRounds "9"]
[EventCountry "ITA"]
[SourceTitle "CBM 113 Extra"]
[Source "ChessBase"]
[SourceDate "2006.09.14"]
[SourceVersion "1"]
[SourceVersionDate "2006.09.14"]
[SourceQuality "1"]

1. e4 e6 2. d4 d5 3. e5 c5 4. c3 Qb6 5. Nf3 Nc6 6. a3 Nh6 7. Bd3 cxd4 8. 0-0 Bd7 9. cxd4 Nxd4 10. Nxd4 Qxd4 11. Nc3 a6 12. Qe2 Ng4 13. h3 Nxe5 14. Bc2 Nc4 15. Bg5 Bd6 16. Rfd1 Qe5 17. Qxe5 Bxe5 18. Re1 0-0 19. Na4 Rac8 20. Rac1 f6 21. b3 Nxa3 22. Nb6 Nxc2 23. Rxc2 Rxc2 24. Nxd7 fxg5 25. Nxf8 Bd4 0-1

[Event "Bratto op 26th"]
[Site "Bratto"]
[Date "2006.08.19"]
[Round "1"]
[White "Bruno, Fabio"]
[Black "Maccagno, Giancarlo"]
[Result "1-0"]
[WhiteElo "2388"]
[BlackElo "2093"]
[PlyCount "93"]
[EventDate "2006.08.19"]
[EventType "swiss"]
[EventRounds "9"]
[EventCountry "ITA"]
[SourceTitle "CBM 113 Extra"]
[Source "ChessBase"]
[SourceDate "2006.09.14"]
[SourceVersion "1"]
[SourceVersionDate "2006.09.14"]
[SourceQuality "1"]

1. d4 f5 2. Nf3 Nf6 3. g3 c6 4. Bg2 g6 5. c4 Bg7 6. 0-0 0-0 7. b4 d6 8. Bb2 Na6 9. a3 Bd7 10. Qc2 Nc7 11. a4 b5 12. axb5 cxb5 13. Nfd2 d5 14. c5 Bc6 15. Nf3 Ne4 16. e3 Ne6 17. Ra5 Qc7 18. Nbd2 a6 19. Rfa1 Bb7 20. Ne5 Nd8 21. Nb3 Bxe5 22. dxe5 Nc6 23. Nd4 Nxa5 24. Rxa5 Bc8 25. Nxb5 Qb8 26. Qb3 axb5 27. Qxd5+ Be6 28. Qxe6+ Rf7 29. Qb6 Rf8 30. Rxb5 Qd8 31. Qxd8 Rfxd8 32. Bxe4 fxe4 33. c6 Rdb8 34. Rxb8+ Rxb8 35. e6 Rxb4 36. Be5 Rc4 37. c7 h5 38. g4 hxg4 39. Kg2 Kh7 40. Kg3 Kh6 41. Kf4 Kh5 42. Bd6 g5+ 43. Kf5 Rc6 44. Bxe7 Rxc7 45. Bd6 Rc8 46. e7 Re8 47. Kf6 1-0

[Event "Bratto op 24th"]
[Site "Bratto"]
[Date "2004.08.27"]
[Round "8"]
[White "Maccagno, Giancarlo"]
[Black "Gardi, Giuseppe"]
[Result "1-0"]
[WhiteElo "2099"]
[BlackElo "2061"]
[PlyCount "61"]
[EventDate "2004.08.20"]
[EventType "swiss"]
[EventRounds "9"]
[EventCountry "ITA"]
[SourceTitle "CBM 101 Extra"]
[Source "ChessBase"]
[SourceDate "2004.09.01"]
[SourceVersion "2"]
[SourceVersionDate "2004.09.01"]
[SourceQuality "1"]

1. e4 g6 2. d4 Bg7 3. Nc3 c6 4. Be3 d5 5. e5 f6 6. f4 Nh6 7. Nf3 0-0 8. h3 Nd7 9. Qd2 fxe5 10. dxe5 e6 11. 0-0-0 b5 12. Nd4 Nb8 13. g4 Nf7 14. Nb3 a5 15. h4 a4 16. Nc5 Na6 17. Kb1 Qa5 18. Nxd5 Qd8 19. Nc3 Qe7 20. N3e4 Nc7 21. Nd3 Na6 22. g5 Rd8 23. Bg2 Bb7 24. Qe2 b4 25. h5 b3 26. hxg6 bxc2+ 27. Qxc2 hxg6 28. Nf6+ Kf8 29. Nc5 Rxd1+ 30. Rxd1 Bxf6 31. gxf6 1-0

[Event "Bratto op 24th"]
[Site "Bratto"]
[Date "2004.08.20"]
[Round "1"]
[White "Tatai, Stefano"]
[Black "Maccagno, Giancarlo"]
[Result "1-0"]
[WhiteElo "2357"]
[BlackElo "2099"]
[PlyCount "83"]
[EventDate "2004.08.20"]
[EventType "swiss"]
[EventRounds "9"]
[EventCountry "ITA"]
[SourceTitle "CBM 101 Extra"]
[Source "ChessBase"]
[SourceDate "2004.09.01"]
[SourceVersion "2"]
[SourceVersionDate "2004.09.01"]
[SourceQuality "1"]

1. e4 c6 2. d4 g6 3. Nf3 Bg7 4. c3 d6 5. h3 Nf6 6. Nbd2 0-0 7. Be2 Nbd7 8. 0-0 e5 9. dxe5 dxe5 10. Re1 Qe7 11. Bf1 Rd8 12. Qc2 Ne8 13. a4 a5 14. Nc4 Nd6 15. Bg5 Nf6 16. Nfxe5 Be6 17. Nxd6 Qxd6 18. Nf3 Qc5 19. e5 Nd5 20. Bxd8 Rxd8 21. Rad1 Re8 22. Qd2 Nb6 23. b4 Qe7 24. bxa5 Nxa4 25. Qd4 Nc5 26. Qb4 Bd5 27. Nd4 Bf8 28. c4 Be4 29. e6 fxe6 30. Nb3 Bc2 31. Nxc5 Bxd1 32. Rxd1 Qxc5 33. Qxb7 Bg7 34. Qd7 Rf8 35. Qxe6+ Kh8 36. Qe3 Qxa5 37. Rd7 Qf5 38. Rc7 Qf4 39. Qxf4 Rxf4 40. g3 Rf5 41. Bd3 Rc5 42. Rc8+ 1-0

[Event "Genova op 8th"]
[Site "Genova"]
[Date "2004.08.11"]
[Round "3"]
[White "Godena, Michele"]
[Black "Maccagno, Giancarlo"]
[Result "1-0"]
[WhiteElo "2545"]
[BlackElo "2099"]
[PlyCount "43"]
[EventDate "2004.08.09"]
[EventType "swiss"]
[EventRounds "9"]
[EventCountry "ITA"]
[SourceTitle "CBM 101 Extra"]
[Source "ChessBase"]
[SourceDate "2004.09.01"]
[SourceVersion "2"]
[SourceVersionDate "2004.09.01"]
[SourceQuality "1"]

1. e4 c6 2. d4 d5 3. Nd2 dxe4 4. Nxe4 Bf5 5. Nc5 e5 6. Nxb7 Qxd4 7. Qxd4 exd4 8. Nf3 Bxc2 9. Nxd4 Be4 10. f3 Bd5 11. Bf4 Bb4+ 12. Kf2 Nf6 13. a3 Bf8 14. g3 Nbd7 15. Re1+ Be7 16. Nf5 0-0 17. Nxe7+ Kh8 18. Ba6 Rfe8 19. Nd6 Rxe7 20. Rxe7 Nc5 21. Be2 Nh5 22. Be3 1-0

[Event "Bratto op 23rd"]
[Site "Bratto"]
[Date "2003.08.24"]
[Round "4"]
[White "Lanzani, Giuliano"]
[Black "Maccagno, Giancarlo"]
[Result "1/2-1/2"]
[WhiteElo "2092"]
[BlackElo "2133"]
[PlyCount "36"]
[EventDate "2003.08.21"]
[EventType "swiss"]
[EventRounds "9"]
[EventCountry "ITA"]
[SourceTitle "EXT 2004"]
[Source "ChessBase"]
[SourceDate "2003.11.25"]
[SourceVersion "1"]
[SourceVersionDate "2003.11.25"]
[SourceQuality "1"]

1. e4 g6 2. d4 d6 3. g3 Bg7 4. Bg2 Nf6 5. Ne2 0-0 6. 0-0 Nbd7 7. c4 c5 8. Nbc3 cxd4 9. Nxd4 a6 10. Be3 Ne5 11. b3 Neg4 12. Bg5 h6 13. Bc1 Qa5 14. Bb2 Rb8 15. a3 Bd7 16. Nd5 Nxd5 17. exd5 h5 18. Rc1 Rbe8 1/2-1/2

[Event "Bratto op 23rd"]
[Site "Bratto"]
[Date "2003.08.22"]
[Round "2"]
[White "Zacco, Remo"]
[Black "Maccagno, Giancarlo"]
[Result "1/2-1/2"]
[WhiteElo "2077"]
[BlackElo "2133"]
[PlyCount "114"]
[EventDate "2003.08.21"]
[EventType "swiss"]
[EventRounds "9"]
[EventCountry "ITA"]
[SourceTitle "EXT 2004"]
[Source "ChessBase"]
[SourceDate "2003.11.25"]
[SourceVersion "1"]
[SourceVersionDate "2003.11.25"]
[SourceQuality "1"]

1. e4 c6 2. d4 g6 3. Nc3 d6 4. Nf3 Bg7 5. h3 Nd7 6. Be3 e5 7. Qd2 b5 8. d5 c5 9. Bxb5 Rb8 10. b3 Ngf6 11. a4 0-0 12. 0-0 Qa5 13. Bd3 a6 14. Ne2 Rb4 15. Ng3 Qc7 16. Bh6 a5 17. Bxg7 Kxg7 18. Nh4 Nb6 19. f4 Ng8 20. f5 f6 21. fxg6 hxg6 22. Qe2 Ne7 23. Nf3 c4 24. bxc4 Nxc4 25. Rfb1 Qb6+ 26. Kh2 Rxb1 27. Rxb1 Qxb1 28. Bxc4 Qb4 29. Bb5 Rh8 30. Qe3 Rf8 31. Qa7 Rf7 32. Be8 Qc3 33. Bxf7 Kxf7 34. Qb6 Qb4 35. Qxb4 axb4 36. Nd2 Ba6 37. Kg1 f5 38. Ngf1 f4 39. Kf2 g5 40. Nh2 Nc8 41. Nhf3 Kf6 42. Nb3 Nb6 43. a5 Nc4 44. Ne1 Ne3 45. Nc1 Ke7 46. Na2 Nxc2 47. Nxc2 b3 48. Nab4 bxc2 49. Nxc2 Kd7 50. Nb4 Bb5 51. Kf3 Kc7 52. g3 Bd7 53. h4 gxh4 54. gxh4 Be8 55. Nc6 Bh5+ 56. Kf2 Bg6 57. Kf3 Bh5+ 1/2-1/2

[Event "Torino-ch Assoluto 47th"]
[Site "Torino"]
[Date "2003.01.??"]
[Round "7"]
[White "Maccagno, Giancarlo"]
[Black "Barbiso, Tiziana"]
[Result "1/2-1/2"]
[WhiteElo "2130"]
[BlackElo "2043"]
[PlyCount "39"]
[EventDate "2003.01.20"]
[EventType "swiss"]
[EventRounds "7"]
[EventCountry "ITA"]
[SourceTitle "EXT 2015"]
[Source "ChessBase"]
[SourceDate "2014.11.20"]
[SourceVersion "1"]
[SourceVersionDate "2014.11.20"]
[SourceQuality "1"]

1. e4 e6 2. d4 d5 3. e5 c5 4. c3 Nc6 5. Nf3 Qb6 6. a3 Bd7 7. b4 cxd4 8. cxd4 Rc8 9. Bb2 Na5 10. Nbd2 Nc4 11. Nxc4 dxc4 12. Rc1 a5 13. Bxc4 axb4 14. a4 Be7 15. 0-0 Nh6 16. d5 exd5 17. Qxd5 Bc6 18. Qd4 Qxd4 19. Nxd4 0-0 20. Nxc6 1/2-1/2

[Event "Turin op"]
[Site "Turin"]
[Date "2002.11.23"]
[Round "6"]
[White "Maccagno, Giancarlo"]
[Black "Fassio, Luca"]
[Result "0-1"]
[WhiteElo "2130"]
[BlackElo "2194"]
[PlyCount "86"]
[EventDate "2002.11.24"]
[EventType "swiss"]
[EventRounds "7"]
[EventCountry "ITA"]
[SourceTitle "CBM 091 Extra"]
[Source "ChessBase"]
[SourceDate "2003.01.09"]
[SourceVersion "1"]
[SourceVersionDate "2003.01.09"]
[SourceQuality "1"]

1. e4 g6 2. d4 Bg7 3. Nc3 d6 4. Be3 c6 5. f4 Nf6 6. Nf3 0-0 7. h3 Qc7 8. Qd2 Nbd7 9. g4 e5 10. dxe5 dxe5 11. f5 Re8 12. 0-0-0 Bf8 13. fxg6 hxg6 14. Ng5 b5 15. Qf2 Bg7 16. Be2 Nf8 17. Rhf1 Be6 18. Qh4 N6h7 19. Nxe6 Nxe6 20. g5 Qe7 21. Bxb5 cxb5 22. Nd5 Qf8 23. Nf6+ Bxf6 24. gxf6 Nf4 25. Bxf4 exf4 26. Qxf4 Re6 27. e5 Rae8 28. Rd5 a6 29. h4 Rd8 30. Rfd1 Rxd5 31. Rxd5 Rc6 32. Qd2 Rc8 33. a3 Rb8 34. c3 a5 35. b4 axb4 36. cxb4 Qc8+ 37. Kb2 Qf5 38. Qh6 Nxf6 39. exf6 Qxf6+ 40. Kb1 Qf3 41. Rg5 Qb3+ 42. Kc1 Rc8+ 43. Kd2 Rc2+ 0-1

[Event "Turin op"]
[Site "Turin"]
[Date "2002.11.22"]
[Round "5"]
[White "Ivanov, Jordan"]
[Black "Maccagno, Giancarlo"]
[Result "1-0"]
[WhiteElo "2429"]
[BlackElo "2130"]
[PlyCount "85"]
[EventDate "2002.11.24"]
[EventType "swiss"]
[EventRounds "7"]
[EventCountry "ITA"]
[SourceTitle "CBM 091 Extra"]
[Source "ChessBase"]
[SourceDate "2003.01.09"]
[SourceVersion "1"]
[SourceVersionDate "2003.01.09"]
[SourceQuality "1"]

1. Nf3 g6 2. d4 d6 3. e4 Bg7 4. Nc3 Nf6 5. h3 c6 6. a4 0-0 7. Be3 Nbd7 8. a5 Qc7 9. Be2 e5 10. dxe5 dxe5 11. Bc4 Rb8 12. 0-0 b5 13. axb6 axb6 14. Qd3 b5 15. Bb3 Nb6 16. Rfd1 Nc4 17. Bc1 h6 18. Bxc4 bxc4 19. Qxc4 Be6 20. Qc5 Nd7 21. Qa5 Qb7 22. Qa7 Rfc8 23. Qxb7 Rxb7 24. Ra6 Bf8 25. b3 Bb4 26. Na2 Bf8 27. Ba3 c5 28. Nc3 c4 29. b4 Nb8 30. Ra4 Bd7 31. Ra8 f6 32. Nd5 Kf7 33. c3 Bc6 34. Bc1 Rd7 35. Ra5 Rcd8 36. Be3 Ke6 37. Ba7 Be7 38. Nd2 f5 39. Bxb8 Rxb8 40. Ra6 fxe4 41. Nxc4 Rxd5 42. Rxc6+ Kd7 43. Nxe5+ 1-0

[Event "Turin op"]
[Site "Turin"]
[Date "2002.11.19"]
[Round "2"]
[White "Maccagno, Giancarlo"]
[Black "Bjarnason, Oskar"]
[Result "1/2-1/2"]
[WhiteElo "2130"]
[BlackElo "2195"]
[PlyCount "40"]
[EventDate "2002.11.24"]
[EventType "swiss"]
[EventRounds "7"]
[EventCountry "ITA"]
[SourceTitle "CBM 091 Extra"]
[Source "ChessBase"]
[SourceDate "2003.01.09"]
[SourceVersion "1"]
[SourceVersionDate "2003.01.09"]
[SourceQuality "1"]

1. e4 d5 2. exd5 Qxd5 3. Nc3 Qa5 4. d4 Nf6 5. Nf3 Bg4 6. h3 Bh5 7. Bd2 Qb6 8. Be2 c6 9. Na4 Qd8 10. c3 Nbd7 11. b4 e6 12. 0-0 Qc7 13. Nb2 Bd6 14. Nc4 Bf4 15. Bxf4 Qxf4 16. g3 Qc7 17. Nfe5 Bxe2 18. Qxe2 0-0 19. a4 b6 20. Qf3 Rac8 1/2-1/2

[Event "ITA-ch sf"]
[Site "Arvier"]
[Date "2002.06.29"]
[Round "8"]
[White "Parrella, Alfredo"]
[Black "Maccagno, Giancarlo"]
[Result "1/2-1/2"]
[WhiteElo "2233"]
[BlackElo "2152"]
[PlyCount "70"]
[EventDate "2002.06.22"]
[EventType "swiss"]
[EventRounds "9"]
[EventCountry "ITA"]
[SourceTitle "CBM 089 Extra"]
[Source "ChessBase"]
[SourceDate "2002.09.10"]
[SourceVersion "2"]
[SourceVersionDate "2002.09.10"]
[SourceQuality "1"]

1. e4 c5 2. Nf3 e6 3. d4 cxd4 4. Nxd4 Nc6 5. Nb5 d6 6. c4 a6 7. N5c3 Nf6 8. Be2 b6 9. Be3 Bb7 10. 0-0 Be7 11. Qb3 Nd7 12. Rd1 Nc5 13. Qa3 0-0 14. b4 Nd7 15. Qb3 Qc7 16. Nd2 Rac8 17. Rac1 Qb8 18. a3 Ba8 19. Nf1 Rfd8 20. Nd2 Re8 21. Ndb1 Nf6 22. f3 Bd8 23. Nd2 d5 24. cxd5 exd5 25. Nxd5 Nxd5 26. Qxd5 Bc7 27. Qh5 b5 28. Nf1 Be5 29. Rc2 g6 30. Qh4 Nd4 31. Rcd2 Ne6 32. Rd3 Nf4 33. Bxf4 Bxf4 34. Ne3 Qb6 35. Qf2 f5 1/2-1/2

[Event "ITA-ch sf"]
[Site "Arvier"]
[Date "2002.06.27"]
[Round "6"]
[White "Maccagno, Giancarlo"]
[Black "Barlocco, Carlo"]
[Result "0-1"]
[WhiteElo "2152"]
[BlackElo "2129"]
[PlyCount "70"]
[EventDate "2002.06.22"]
[EventType "swiss"]
[EventRounds "9"]
[EventCountry "ITA"]
[SourceTitle "CBM 089 Extra"]
[Source "ChessBase"]
[SourceDate "2002.09.10"]
[SourceVersion "2"]
[SourceVersionDate "2002.09.10"]
[SourceQuality "1"]

1. e4 c5 2. c3 d6 3. d4 Nc6 4. Be3 Nf6 5. f3 e6 6. Ne2 Be7 7. g4 0-0 8. Ng3 Qb6 9. Qd2 Bd7 10. h4 Rac8 11. g5 Ne8 12. Bh3 Na5 13. b3 cxd4 14. Bxd4 Qc7 15. Qf2 Nc6 16. Be3 Ne5 17. 0-0 d5 18. Rd1 dxe4 19. Nxe4 Bc6 20. Nbd2 b6 21. Qg3 Ng6 22. Qxc7 Nxc7 23. h5 Ne5 24. Kf2 Nd5 25. Bd4 Nd3+ 26. Kg3 N3f4 27. Bf1 Nxh5+ 28. Kg4 g6 29. Nc4 f5+ 30. gxf6 Ndxf6+ 31. Nxf6+ Nxf6+ 32. Kf4 Nh5+ 33. Ke5 Bxf3 34. Rd3 Bd5 35. Bh3 Nf4 0-1

[Event "ITA-ch sf"]
[Site "Arvier"]
[Date "2002.06.26"]
[Round "5"]
[White "Maccagno, Giancarlo"]
[Black "Valenti, Giuseppe"]
[Result "0-1"]
[WhiteElo "2152"]
[BlackElo "2268"]
[PlyCount "62"]
[EventDate "2002.06.22"]
[EventType "swiss"]
[EventRounds "9"]
[EventCountry "ITA"]
[SourceTitle "CBM 089 Extra"]
[Source "ChessBase"]
[SourceDate "2002.09.10"]
[SourceVersion "2"]
[SourceVersionDate "2002.09.10"]
[SourceQuality "1"]

1. e4 c5 2. c3 Nf6 3. e5 Nd5 4. d4 cxd4 5. Qxd4 e6 6. Nf3 Nc6 7. Qe4 b6 8. Bc4 Nde7 9. 0-0 Bb7 10. Na3 Ng6 11. b4 Qb8 12. Bf4 Nxb4 13. Qe3 Bc5 14. Qd2 Nd5 15. Bxd5 Bxd5 16. Nb5 0-0 17. Bg3 Bxf3 18. gxf3 Nxe5 19. Qe2 d6 20. f4 Ng6 21. Rfd1 Ne7 22. Qd3 Nf5 23. Nd4 Bxd4 24. cxd4 d5 25. f3 Rc8 26. Rdc1 Qd6 27. Rc2 Rxc2 28. Qxc2 Nxd4 29. Qa4 Nf5 30. Rc1 h6 31. Be1 d4 0-1

[Event "ITA-ch sf"]
[Site "Arvier"]
[Date "2002.06.25"]
[Round "4"]
[White "Rossato, Armando"]
[Black "Maccagno, Giancarlo"]
[Result "1-0"]
[WhiteElo "2169"]
[BlackElo "2152"]
[PlyCount "67"]
[EventDate "2002.06.22"]
[EventType "swiss"]
[EventRounds "9"]
[EventCountry "ITA"]
[SourceTitle "CBM 089 Extra"]
[Source "ChessBase"]
[SourceDate "2002.09.10"]
[SourceVersion "2"]
[SourceVersionDate "2002.09.10"]
[SourceQuality "1"]

1. d4 d6 2. Nf3 g6 3. e4 Bg7 4. Nc3 c6 5. Be3 Nd7 6. Be2 Ngf6 7. Qd2 h6 8. 0-0 Ng4 9. Bf4 e5 10. Bg3 Qe7 11. h3 Ngf6 12. Rfe1 Nh7 13. Rad1 Ng5 14. dxe5 Nxf3+ 15. Bxf3 Nxe5 16. Be2 Be6 17. f4 Nc4 18. Bxc4 Bxc4 19. Nd5 Qd8 20. Ne3 Ba6 21. f5 0-0 22. Ng4 Qb6+ 23. Bf2 Qxb2 24. e5 h5 25. f6 Bh8 26. Nh6+ Kh7 27. Nf5 gxf5 28. Qg5 dxe5 29. Qxh5+ Kg8 30. Qg5+ Kh7 31. Qxf5+ Kg8 32. Qg5+ Kh7 33. Re4 Rg8 34. Qh5# 1-0

[Event "ITA-ch sf"]
[Site "Arvier"]
[Date "2002.06.23"]
[Round "2"]
[White "Maccagno, Giancarlo"]
[Black "Cazzaniga, Walter"]
[Result "1-0"]
[WhiteElo "2152"]
[BlackElo "2119"]
[PlyCount "67"]
[EventDate "2002.06.22"]
[EventType "swiss"]
[EventRounds "9"]
[EventCountry "ITA"]
[SourceTitle "CBM 089 Extra"]
[Source "ChessBase"]
[SourceDate "2002.09.10"]
[SourceVersion "2"]
[SourceVersionDate "2002.09.10"]
[SourceQuality "1"]

1. e4 e6 2. d4 d5 3. e5 c5 4. c3 Nc6 5. Nf3 Qb6 6. a3 c4 7. Nbd2 Bd7 8. Rb1 Na5 9. Be2 Nh6 10. 0-0 f6 11. b3 cxb3 12. c4 Be7 13. cxd5 exd5 14. Re1 Bf5 15. exf6 Qxf6 16. Nxb3 Nf7 17. Rb2 Nc6 18. Nc5 b6 19. Na6 0-0 20. Nb4 Nxb4 21. axb4 a5 22. Bd2 Bd6 23. bxa5 bxa5 24. Rb5 a4 25. Rxd5 a3 26. Bc4 Bg4 27. Bg5 Bxf3 28. Bxf6 Bxh2+ 29. Kxh2 Bxd1 30. Be7 Rfc8 31. Rc5 Rxc5 32. Bxc5 Bh5 33. Ra1 h6 34. Rxa3 1-0

[Event "Turin op"]
[Site "Turin"]
[Date "2000.11.21"]
[Round "4"]
[White "Maccagno, Giancarlo"]
[Black "Cebalo, Miso"]
[Result "0-1"]
[WhiteElo "2152"]
[BlackElo "2520"]
[PlyCount "82"]
[EventDate "2000.11.18"]
[EventType "swiss"]
[EventRounds "9"]
[EventCountry "ITA"]
[SourceTitle "CBM 079 Extra"]
[Source "ChessBase"]
[SourceDate "2001.01.11"]
[SourceVersion "2"]
[SourceVersionDate "2001.01.25"]
[SourceQuality "1"]

1. e4 c5 2. c3 d5 3. exd5 Qxd5 4. d4 g6 5. Nf3 Bg7 6. Be3 cxd4 7. Bxd4 Nf6 8. Nbd2 Nc6 9. Bc4 Qa5 10. b4 Qc7 11. Qb3 0-0 12. 0-0 Bg4 13. Be3 Rac8 14. Ng5 Nd8 15. h3 Bf5 16. g4 Bd7 17. Bc5 h6 18. Ngf3 Be6 19. Rfe1 b6 20. Bxe6 Nxe6 21. Bd4 Nxd4 22. Nxd4 Qxc3 23. N2f3 e6 24. Nb5 Qxb3 25. axb3 Nd5 26. Rxa7 Nxb4 27. Re4 Nd5 28. Rc4 Ra8 29. Rca4 Rxa7 30. Rxa7 Rd8 31. Nd2 Nf4 32. Nc4 Rd3 33. Nbd6 Nxh3+ 34. Kg2 Nf4+ 35. Kg1 b5 36. Nxb5 Bf8 37. Ne5 Rd5 38. Rxf7 Rxe5 39. Rxf4 Rxb5 40. Rf6 Rb6 41. Rxg6+ Kf7 0-1

[Event "Torino-ch Assoluto 45th"]
[Site "Torino"]
[Date "1999.11.??"]
[Round "?"]
[White "Lo Curto, Emanuele"]
[Black "Maccagno, Giancarlo"]
[Result "1-0"]
[WhiteElo "2081"]
[BlackElo "2180"]
[PlyCount "137"]
[EventDate "1999.11.05"]
[EventType "swiss"]
[EventRounds "7"]
[EventCountry "ITA"]
[SourceTitle "EXT 2015"]
[Source "ChessBase"]
[SourceDate "2014.11.20"]
[SourceVersion "1"]
[SourceVersionDate "2014.11.20"]
[SourceQuality "1"]

1. e4 g6 2. d4 d6 3. Nc3 c6 4. Be3 Nd7 5. Qd2 Bg7 6. Nf3 Qa5 7. Bd3 Ngf6 8. 0-0 Ng4 9. Bg5 h6 10. Bh4 g5 11. Bg3 e5 12. d5 Ngf6 13. Nb5 Qxd2 14. Nxd6+ Ke7 15. Nf5+ Kf8 16. Nxd2 cxd5 17. f3 Nh5 18. exd5 Nxg3 19. Nxg3 Nc5 20. Bf5 Ke7 21. Nde4 b6 22. Bxc8 Rhxc8 23. Nf5+ Kf8 24. Ned6 Rd8 25. c4 Kg8 26. Ne4 Bf8 27. Rad1 Kh7 28. Kh1 Kg6 29. g4 Rd7 30. Rfe1 f6 31. Re2 h5 32. h3 Nxe4 33. fxe4 Bc5 34. Kg2 Rh8 35. Rh1 Rdh7 36. Ree1 a6 37. Rc1 Kf7 38. Ng3 h4 39. Ne2 Be3 40. Rc3 Bc5 41. Rhc1 Kg6 42. R1c2 Rd7 43. Nc1 Rc8 44. Rf3 Rdc7 45. b3 Ba3 46. Nd3 b5 47. Rcf2 bxc4 48. Rxf6+ Kg7 49. bxc4 Rxc4 50. Rf7+ Kg8 51. Nxe5 Rxe4 52. Nc6 Rf8 53. Rxf8+ Bxf8 54. Rf5 Re2+ 55. Kf3 Rxa2 56. Rxg5+ Kf7 57. Ne5+ Ke8 58. Rg8 Ra3+ 59. Ke4 Ke7 60. g5 Rxh3 61. g6 Rg3 62. d6+ Kxd6 63. Rxf8 h3 64. Rh8 Rg2 65. Rxh3 Ke6 66. Rh5 a5 67. Kf4 a4 68. Rg5 Rf2+ 69. Nf3 1-0

[Event "Asti op 17th"]
[Site "Asti"]
[Date "1996.??.??"]
[Round "?"]
[White "Mollero, Michele"]
[Black "Maccagno, Giancarlo"]
[Result "0-1"]
[WhiteElo "2030"]
[BlackElo "2205"]
[PlyCount "98"]
[EventDate "1996.10.??"]
[EventType "swiss"]
[EventRounds "9"]
[EventCountry "ITA"]
[SourceTitle "EXT 1998"]
[Source "ChessBase"]
[SourceDate "1997.11.17"]
[SourceVersion "1"]
[SourceVersionDate "1997.11.17"]
[SourceQuality "1"]

1. d4 g6 2. e4 d6 3. Nf3 Bg7 4. h3 Nf6 5. Bd3 0-0 6. 0-0 Nbd7 7. Qe2 e5 8. dxe5 dxe5 9. Be3 Qe7 10. Nc3 c6 11. a4 Nc5 12. Rad1 Nh5 13. Bc4 Nf4 14. Qd2 Be6 15. Bxe6 Ncxe6 16. Bxf4 exf4 17. e5 Qb4 18. Qc1 Rad8 19. Rfe1 Nc5 20. Ne2 Nxa4 21. b3 Nc3 22. Rxd8 Rxd8 23. Nxf4 Bh6 24. Nd3 Bxc1 25. Nxb4 Bd2 26. Ra1 Ne2+ 27. Kf1 Bxb4 28. Kxe2 a6 29. Rd1 Rxd1 30. Kxd1 Kf8 31. Ke2 Ke7 32. Ng5 h6 33. Ne4 Ke6 34. f4 a5 35. c4 b5 36. Kd3 a4 37. bxa4 bxa4 38. g4 a3 39. Kc2 Be7 40. Kb3 g5 41. fxg5 hxg5 42. Nd2 Kxe5 43. Nf3+ Ke4 44. Ne1 Bc5 45. Nc2 Kd3 46. Ne1+ Ke2 47. Nc2 Kd2 48. Na1 Bd4 49. Nc2 a2 0-1